000 01225nam a2200349 i 4500
001 000008999
003 DO-SdBNP
005 20240412074209.0
007 ta
008 090922s1990 dr 000 0 spa d
040 _aDO-SdBNP
_bspa
_cBNPHU
_erda
082 4 _aRD868.44
_bC744t, 1989
_222
111 2 _aConcurso Literario de Cuento y Poesía
_d(1989 :
_cSantiago de los Caballeros)
_923617
245 1 0 _aTrabajos ganadores.
260 _a[Santiago de los Caballeros] :
_bSociedad Cultural Alianza Cibaeña,
_c1990.
300 _a64 páginas ;
_c21 cm.
336 _2rdacontent
_atexto
_btxt
337 _2rdamedia
_asin mediación
_bn
338 _2rdacarrier
_avolumen
_bnc
590 _aInventariado, 2024/BT
650 4 _aCertámenes literarios
_zRepública Dominicana
_96650
650 0 _aLiteratura dominicana.
_967
650 4 _aPoesía dominicana
_966
650 4 _aCuentos dominicanos
_923618
700 1 _aTavárez, José Lucía,
_d1954-
_923619
700 1 _aValdez, Pedro Antonio,
_d1968-
_922509
700 1 _aAcosta P., José A.,
_d1964-
_923620
700 1 _aPérez Rodríguez, Rafael
_923621
700 1 _aBlanco Reyes, Baldomero
_923622
910 _aValidado. Control de calidad MFF
942 _2ddc
_cLBS1
999 _c8763
_d8763